Текст томруулах:    
International accounting (Бичлэгийн дугаар. 146071)
000 -УДИРДЛАГА
Удирдлага 01544nam a22004337a 4500
003 - ХЯНАЛТЫН ТОО ТОДОРХОЙЛОГЧ
Код MN-UlNUM
005 - БИЧИЛТ ХИЙСЭН ОГНОО
Тухайн бичилтийг бичсэн засварласан сүүлийн огноо 20260103182803.0
008 - ЕРӨНХИЙ МЭДЭЭЛЭЛ
Ерөнхий мэдээлэл 160927s2009 maua b 001 0 eng
020 ## - ISBN
ISBN 9780071276184
040 ## - БИЧЛЭГ ҮҮСГЭГЧ БАЙГУУЛЛАГА
Бичлэг үүсгэгч номын сангийн код МУИС-ийн номын сан
084 ## - ББК АНГИЛАЛ
Нэмэлт тусгалт Сурах бичиг
ББК ангилал 65.052
Зохиогчийн гурван тэмдэгт D 77
Мэдлэгийн ялгаа 65 - Эдийн засаг
100 1# - ЗОХИОГЧ
Зохиогчийн нэр Doupnik, Timothy S.
245 10 - ҮНДСЭН ГАРЧИГ
Номын нэр International accounting
Оролцогчдын тухай мэдээ Timothy Doupnik, Hector Perera.
250 ## - ДАХИН ХЭВЛЭЛТ
Дахин гаралтын дугаар 2nd ed.
260 ## - ГАРАЛТЫН МЭДЭЭ
Хэвлэгдсэн газар Singapore
Хэвлэлийн газар McGraw-Hill Irwin
Хэвлэгдсэн он 2009
300 ## - МАТЕРИАЛЫН ТОДОРХОЙЛОЛТ
хуудасны тоо xvi, 640 p.
Бусад тоон мэдээлэл ill.
Хэмжээ 26 cm
500 ## - Тайлбар
Дансны дугаар БС 6006
546 ## - ХЭЛНИЙ ТУХАЙ МЭДЭЭ
Хэл Англи хэл дээр,
653 ## - Түлхүүр үг
Түлхүүр үг economics
653 ## - Түлхүүр үг
Түлхүүр үг accounting
653 ## - Түлхүүр үг
Түлхүүр үг international business enterprises
700 1# - ХАМ ЗОХИОГЧИД
Ба бус Perera, M. H. B.
740 ## - НОМЫН ГАРЧИГ
Гарчиг Introduction to International Accounting
740 ## - НОМЫН ГАРЧИГ
Гарчиг Worldwide Accounting Diversity
740 ## - НОМЫН ГАРЧИГ
Гарчиг International Convergence of Financial Reporting
740 ## - НОМЫН ГАРЧИГ
Гарчиг International Financial Reporting Standards
740 ## - НОМЫН ГАРЧИГ
Гарчиг Comparative Accounting
740 ## - НОМЫН ГАРЧИГ
Гарчиг Foreign Currency Transactions and Hedging Foreign Exchange Risk
740 ## - НОМЫН ГАРЧИГ
Гарчиг Translation of Foreign Currency Financial Statements
740 ## - НОМЫН ГАРЧИГ
Гарчиг Additional Financial Reporting Issues
740 ## - НОМЫН ГАРЧИГ
Гарчиг Analysis of Foreign Financial Statements
740 ## - НОМЫН ГАРЧИГ
Гарчиг International Taxation
740 ## - НОМЫН ГАРЧИГ
Гарчиг International Transfer Pricing
740 ## - НОМЫН ГАРЧИГ
Гарчиг Strategic Accounting Issues in Multinational Corporations
740 ## - НОМЫН ГАРЧИГ
Гарчиг Comparative International Auditing and Corporate Governance
942 ## - ЭЛЕМЕНТИЙН ТӨРӨЛ
Зүйлийн төрөл Ном